| 000 | 00947nam a22001937a 4500 | ||
|---|---|---|---|
| 999 |
_c59116 _d59116 |
||
| 003 | Ge_BSU | ||
| 005 | 20221128114922.0 | ||
| 008 | 221128s1974ge xxu||||| |||| 00| 0 geo d | ||
| 041 |
_ageo _heng |
||
| 080 | _a821.111-312.6 ს-85 | ||
| 100 |
_aსტოუნი, ირვინგ, 1903-1989. _916139 |
||
| 245 |
_aწყურვილი სიცოცხლისა : _bბიოგრაფიული რომანი ვინსენტ ვან გოგზე / _cირვინგ სტოუნი, ინგლ. თარგმნა მ. ანთაძემ. |
||
| 264 |
_aთბილისი: _bსაბჭ. საქართველო, _c 1974. |
||
| 300 |
_a555გვ. : _bილ.; 3 ფ. ილ. ; _c 20სმ. |
||
| 653 | _aწყურვილი სიცოცხლისა | ||
| 653 | _aრომანი | ||
| 700 |
_aანთაძე, მ _eმთარგმნელი _916140 |
||
| 942 |
_2udc _cBK |
||